PRACTICAL ATLAS OF MRI / (Record no. 798142)

MARC details
000 -LEADER
fixed length control field 00476pam a2200181 a 4500
020 ## - INTERNATIONAL STANDARD BOOK NUMBER
International Standard Book Number 9788184484892
Terms of availability 2995.00
041 ## - LANGUAGE CODE
Language code of text/sound track or separate title eng
Language code of original NULL
082 ## - DEWEY DECIMAL CLASSIFICATION NUMBER
Classification number 616.0757
Item number RED/MAT
100 ## - MAIN ENTRY--PERSONAL NAME
Personal name REDDY, J .
245 ## - TITLE STATEMENT
Title PRACTICAL ATLAS OF MRI /
Statement of responsibility, etc. NULL.
Medium Textual Documents
260 ## - PUBLICATION, DISTRIBUTION, ETC.
Place of publication, distribution, etc. NULL :
Name of publisher, distributor, etc. JAYPEE BROTHERS MEDICAL PUB. ,
Date of publication, distribution, etc. 2009.
300 ## - PHYSICAL DESCRIPTION
Extent 677 ;
Dimensions A4.
365 ## - TRADE PRICE
Price type code 2995.00
650 ## - SUBJECT ADDED ENTRY--TOPICAL TERM
Topical term or geographic name entry element RADIOLOGY
700 ## - ADDED ENTRY--PERSONAL NAME
Personal name MATTSSON, T .
930 ## - EQUIVALENCE OR CROSS-REFERENCE-UNIFORM TITLE HEADING [LOCAL, CANADA]
Uniform title 3608
Holdings
Withdrawn status Lost status Damaged status Not for loan Home library Current library Date acquired Cost, normal purchase price Total Checkouts Full call number Barcode Date due Date last seen Date last checked out Copy number Price effective from Koha item type
        Medical College & Hospital, Sangli Medical College & Hospital, Sangli 28/11/2011 2995.00 1 616.0757 RED/MAT MCS-7970 01/10/2043 06/10/2023 06/10/2023 1 26/07/2023 Book